00310nam a2200109 a 450000500170000000800410001705000180005810000170007624500390009326000310013244000370016320140414132119.0111122s19uu xx 00 eng d aERbW72P 1996 aKidd, Ronald aThe perfect pet /cby Ronald Kidd. bAdvance publishers,c1996. aDisney's out and about with Pooh